Acuerdo mediante canje de notas entre España e Italia firmadas en Roma el 18 y el 30 de julio de 1932, simplificando el ceremonial de las visitas de los buques de guerra españoles e italianos. (Record no. 172765)

MARC details
000 -LEADER
campo de control de longitud fija 01061nam a22002415i 4500
001 - NÚMERO DE CONTROL
campo de control 172765
003 - IDENTIFICADOR DE NÚMERO DE CONTROL
campo de control ES-MaACL
005 - FECHA Y HORA DE LA ÚLTIMA TRANSACCIÓN
campo de control 20250831061529.0
008 - DATOS DE LONGITUD FIJA--INFORMACIÓN GENERAL
campo de control de longitud fija 090908s1932 sp |||| | spa d
245 00 - MENCIÓN DEL TÍTULO
Título Acuerdo mediante canje de notas entre España e Italia firmadas en Roma el 18 y el 30 de julio de 1932, simplificando el ceremonial de las visitas de los buques de guerra españoles e italianos.
260 ## - PUBLICACIÓN, DISTRIBUCIÓN, ETC.
Lugar de publicación, distribución, etc. Madrid :
Nombre del editor, distribuidor, etc. [s.n.],
Fecha de publicación, distribución, etc. 1932 (
Fabricante Imp. del Ministerio de Estado)
300 ## - DESCRIPCIÓN FÍSICA
Extensión 6 p. ;
Dimensiones 24 cm.
490 1# - MENCIÓN DE SERIE
Mención de serie Publicaciones del Ministerio de Estado. Serie A: Acuerdos y convenios internacionales ;
Designación de volumen o secuencia 6
546 ## - NOTA DE IDIOMA
Nota de lengua/lenguaje Texto en español y italiano.
594 ## - Nota al título y mención de responsabilidad
Nota al título y mención de responsabilidad Cubierta tomada como port.
650 #4 - PUNTO DE ACCESO ADICIONAL DE MATERIA--TÉRMINO DE MATERIA
Término de materia o nombre geográfico como elemento de entrada Marina de guerra-
Subdivisión geográfica España-
Subdivisión cronológica S.XX.
9 (RLIN) 14788
651 #4 - PUNTO DE ACCESO ADICIONAL DE MATERIA--NOMBRE GEOGRÁFICO
Nombre geográfico España-
Subdivisión general Relaciones-
Subdivisión geográfica Italia.
9 (RLIN) 153911
651 #4 - PUNTO DE ACCESO ADICIONAL DE MATERIA--NOMBRE GEOGRÁFICO
Nombre geográfico Italia-
Subdivisión general Relaciones-
Subdivisión geográfica España.
9 (RLIN) 160778
710 1# - ENTRADA AGREGADA--NOMBRE DE ENTIDAD CORPORATIVA
Nombre de entidad corporativa o nombre de jurisdicción como elemento de entrada España.
Unidad subordinada Ministerio de Estado.
9 (RLIN) 3866
830 10 - PUNTO DE ACCESO ADICIONAL DE SERIE-TÍTULO UNIFORME
Título uniforme Publicaciones del Ministerio de Estado
Designación de volumen o secuencia 6
9 (RLIN) 189119
852 ## - LOCALIZACIÓN
Ubicación ES-MaACL
Número de control de estantería 2299-F-22
Holdings
Estatus retirado Estado de pérdida Estado de daño No para préstamo Colección Biblioteca de origen Biblioteca actual Ubicación en estantería Fecha de adquisición Fuente de adquisición Total de préstamos Signatura topográfica completa Código de barras Visto por última vez Precio de reemplazo Tipo de ítem Koha
        Colección de folletos Biblioteca del Ateneo de Madrid Biblioteca del Ateneo de Madrid Depósito folletos 08/09/2009     2299-F-22 1181274 23/02/2023 23/02/2023 Folleto